| 000 | 01371nam0a22002891 4500 | ||
|---|---|---|---|
| 001 | rc\4716632 | ||
| 005 | 20250612011204.0 | ||
| 021 |
_aRU _b67-11664 |
||
| 021 |
_aRU _bРг3700-67 |
||
| 035 | _a(NLR Aleph) 008439234 | ||
| 090 |
_a9467259 _c9467259 |
||
| 100 | _a20130416g19661967|||y0rusy50 ca | ||
| 101 | 0 | _arus | |
| 102 | _aRU | ||
| 105 | _ay z ||||| | ||
| 200 | 1 |
_aПуть Бухары и Хивы к социализму _e(История Бухарской и Хорезмской Нар. Советских республик) _e[Макет для обсуждения] _fИн-т истории АН СССР. Ин-т истории и археологии АН Узб. ССР. Ин-т истории и археологии им. А. Дониша АН Тадж. ССР. Ин-т истории, археологии и этнографии АН ТССР |
|
| 210 |
_aМосква _cБ. и. _d1967, обл. 1966 |
||
| 215 |
_a273 с. _d22 |
||
| 300 | _aПеред загл. авт.: А.Х. Бабаходжаев, Б.И. Искандеров, А.И. Ишанов [и др.] | ||
| 701 | 1 |
_aИскандеров _bБ.И. |
|
| 701 | 1 |
_aБабаходжаев _bА.Х. _gАбдусамад Хантураевич |
|
| 701 | 1 |
_aИшанов _bА.И. |
|
| 801 | 0 |
_aRU _bNLR _gpsbo |
|
| 801 | 1 |
_aRU _bELAR _2rusmarc |
|
| 852 |
_aNLR _j67-5/1631 |
||
| 942 | _cBOOK | ||
| 980 | _aNB | ||